Normal view MARC view

Entry Personal Name

Number of records used in: 1

001 - CONTROL NUMBER

  • control field: 9998

003 - CONTROL NUMBER IDENTIFIER

  • control field: DLC

005 - DATE AND TIME OF LATEST TRANSACTION

  • control field: 20231204134224.0

008 - FIXED-LENGTH DATA ELEMENTS

  • fixed length control field: 850305n| azannaabn |n aaa

010 ## - LIBRARY OF CONGRESS CONTROL NUMBER

  • LC control number: n 84202118

035 ## - SYSTEM CONTROL NUMBER

  • System control number: (OCoLC)oca01285362

040 ## - CATALOGING SOURCE

  • Original cataloging agency: DLC
  • Language of cataloging: eng
  • Description conventions: rda
  • Transcribing agency: DLC
  • Modifying agency: DLC
  • Modifying agency: UPB

046 ## - SPECIAL CODED DATES

  • Birth date: 19471123

100 1# - HEADING--PERSONAL NAME

  • Personal name: Mason, David S.
  • Fuller form of name: (David Stewart),
  • Dates associated with a name: 1947-

372 ## - FIELD OF ACTIVITY

  • Field of activity: Political Science

373 ## - ASSOCIATED GROUP

  • Associated group: Butler University
  • Source of term: naf
  • Start period: 1975

373 ## - ASSOCIATED GROUP

  • Associated group: International Social Justice Project
  • Source of term: naf
  • Start period: 1988
  • End period: 2006

374 ## - OCCUPATION

  • Occupation: Professor

375 ## - GENDER

  • Gender: male

378 ## - FULLER FORM OF PERSONAL NAME

  • Fuller form of personal name: David Stewart

670 ## - SOURCE DATA FOUND

  • Source citation: Public opinion and political change in Poland, 1980-1982, 1985:
  • Information found: CIP t.p. (David S. Mason, Butler Univ.)

670 ## - SOURCE DATA FOUND

  • Source citation: A concise history of modern Europe: liberty, equality, solidarity, c2011:
  • Information found: title page (David S. Mason) page 4 of cover (professor emeritus at Butler University)

670 ## - SOURCE DATA FOUND

  • Source citation: Call to pub.
  • Information found: (David Stewart Mason; b. 11-23-47; 1st wk.)

670 ## - SOURCE DATA FOUND

  • Source citation: Butler University, via WWW, February 27, 2013
  • Information found: (Dr. David S. Mason; Professor Emeritus of Political Science, Butler University; B.A., Cornell University, Government, 1969; M.A., Johns Hopkins School of Advanced International Studies (SAIS). Bologna, Italy and Washington, D.C., 1971; Ph. D., Indiana University, Political Science, 1978; Certificate for East European Studies, Russian and East European Institute, 1975; Butler University: Instructor, 1975-1977, Assistant Professor, 1978-1983, Associate Professor, 1983-1990, Professor, 1990-2008, Professor Emeritus, 2008-Present; Director of the International Social Justice Project, 1988-2006; his areas of expertise include international politics, comparative politics, U.S. foreign policy, European politics, Russian and East European politics and public opinion)

Powered by Koha